书目信息 |
| 题名: |
地下水除铁除锰
|
|
| 作者: | 刘超 著 | |
| 分册: | ||
| 出版信息: | 北京 中国建筑工业出版社 1989.02 |
|
| 页数: | 527页 | |
| 开本: | 大32开 | |
| 丛书名: | ||
| 单 册: | ||
| 中图分类: | TU991.265 | |
| 科图分类: | ||
| 主题词: | ||
| 电子资源: | ||
| ISBN: | 7-112-00427-6 | |
| 000 | 00548nam0 2200181 45 | |
| 001 | 0199006485 | |
| 005 | 20210513112838.96 | |
| 010 | @a7-112-00427-6@d13.15元 | |
| 100 | @a19990804d km y0chiy0120 ea | |
| 101 | 0 | @achi |
| 105 | @a z 000yy | |
| 200 | 1 | @Adi xia shui chu tie chu meng@FLi Gui Bai,Liu Chao Zhu@a地下水除铁除锰@f李圭白,刘超著 |
| 210 | @a北京@c中国建筑工业出版社@d1989.02 | |
| 215 | @a527页@c无图表@d大32开 | |
| 690 | @aTU991.265@v3 | |
| 701 | 0 | @a刘超@4著 |
| 801 | @aCN@bPFTUser@c19991202 | |
| 905 | @b45662-663@dTU991.265@eL033@f2 | |
| 地下水除铁除锰/李圭白,刘超著.-北京:中国建筑工业出版社,1989.02 |
| 527页:无图表;大32开 |
| ISBN 7-112-00427-6:13.15元 |
| ● |
| 相关链接 |
|
|
|
正题名:地下水除铁除锰
索取号:TU991.265/L033
 
预约/预借
| 序号 | 登录号 | 条形码 | 馆藏地/架位号 | 状态 | 备注 |
| 1 | 45662 | 200456620 | 市政与环境工程学院资料室/ [索取号:TU991.265/L033] | 在馆 | |
| 2 | 45663 | 200456639 | 市政与环境工程学院资料室/ [索取号:TU991.265/L033] | 在馆 | |
| 3 | 9110 | 200027434 | 市政与环境工程学院资料室/ [索取号:TU991.265/L033] | 在馆 | |
| 4 | 9111 | 200026872 | 市政与环境工程学院资料室/ [索取号:TU991.265/L033] | 在馆 | |
| 5 | 9112 | 200026364 | 市政与环境工程学院资料室/ [索取号:TU991.265/L033] | 在馆 | |
| 6 | 9113 | 200027513 | 建筑库201/101建筑库 96排4列4层/ [索取号:TU991.265/L033] | 在馆 | |
| 7 | 9114 | 200026444 | 市政与环境工程学院资料室/ [索取号:TU991.265/L033] | 在馆 | |
| 8 | 9115 | 200026408 | 市政与环境工程学院资料室/ [索取号:TU991.265/L033] | 在馆 |